LEADER 01100nam a2200265 4500 001 000000341869 003 CaOOAMICUS 005 20250520082821.0 008 200904s2020 it 000 u ita r 020 $a978-88-6894-391-2 040 $aSeMil$bita 100 1 $aCastellucci, Erio,$c.$0(OLS)http://semarc/name/5820 245 10$aServi del Vangelo :$bpresbiteri collaboratori della gioia /$cErio Castellucci. 264 1$aMilano :$bCentro Ambrosiano,$c2020. 300 $a139 p. ;$c21 cm 650 4$aSacerdozio.$0(OLS)http://semarc/subject/255 830 0$aPreti per domani.$0(OLS)http://semarc/title/430756 850 $aSeMil 852 $aSeMil$W1$xVenegono$y1$m2KA V 1$j228166$B232916$CSeMilBibl$Z2$F232916 $81 941 1 $a7 961 $aFondo mons. Mario Delpini 996 $6020$a978-88-6894-391-2$9(OLS)http://semarc/number/291149 996 $6245$aServi del Vangelo :$bpresbiteri collaboratori della gioia$9(OLS)http://semarc/title/430757 996 $6264$aMilano :$bCentro Ambrosiano$9(OLS)http://semarc/publisher/29766 LEADER 00864nam a2200205 i 4500 001 000000023714 003 CaOOAMICUS 005 20180830125446.0 008 180830s1947 it u000 u ita u 040 $aSeMil$bita 100 1 $aJoergensen, Johannes ,$d<1866-1956>.$0(OLS)http://semarc/name/10575 245 10$aSanta Brigida di Vadstena /$cGiovanni Joergensen ; traduzione di Riccardo Gismondi. 260 $aBrescia :$bMorcelliana,$c1947-1948. 300 $a2 v. ;$c24 cm. 600 04$aBrigida : di Svezia .$0(OLS)http://semarc/subject/3726 700 1 $aGismondi, Riccardo.$0(OLS)http://semarc/name/10576 774 0 $tVolume 1.$w()191795 774 0 $tVolume 2.$w()191796 996 $6245$aSanta Brigida di Vadstena$9(OLS)http://semarc/title/31832 996 $6260$aBrescia :$bMorcelliana$9(OLS)http://semarc/publisher/29629